Testes e exercícios 7º ano (Registo nº 1177)
[ vista simples ]
| 000 -Etiqueta do registo | |
|---|---|
| Cabeçalho | 01379nlm a2200337 4500 |
| 005 - Identificador da versão | |
| Campo de controlo | 20240813121827.0 |
| 010 ## - Número internacional normalizado dos livros (ISBN) | |
| Número (ISBN) | 9789720640598 |
| 021 ## - Número do Depósito Legal | |
| Código do país | PT |
| Número | 278135/08 |
| 100 ## - Dados gerais de processamento | |
| Dados gerais de processamento | 20100311c2008 d y0pory5003 ba |
| 102 ## - Pais de publicação ou produção | |
| País de publicação | Portugal |
| 101 0# - Língua de publicação | |
| Língua do texto, banda sonora, etc. | |
| 106 ## - Campo de dados codificados: material textual | |
| Dados codificados do material textual | i |
| 215 ## - Descrição física | |
| Indicação específica da natureza do documento e extensão da espécie | 1 disco óptico (DVD-ROM) em caixa |
| Outras indicações físicas | color. |
| Dimensões | 20 x 14 x 3 cm |
| 200 1# - Titulo e menção de responsabilidade | |
| Título próprio | Testes e exercícios 7º ano |
| Indicação geral da natureza do documento | Recurso electrónico] |
| Informação de outro título | 7o ano |
| -- | 7 disciplinas |
| -- | matemática, língua portuguesa, ciências da natureza, ciências físico-químicas, inglês, história, geografia |
| Primeira menção de responsabilidade | [ed. lit.] Porto Editora Multimédia |
| 225 2# - Colecção | |
| Título próprio da colecção | Escola virtual |
| 205 ## - Menção da edição | |
| Menção da edição | [1a ed.] |
| 210 ## - Publicação, Distribuição, etc. | |
| Lugar da edição, distribuição, etc. | Porto |
| Nome do editor, distribuidor, etc. | P. E. M. |
| Data da publicação, distribuição, etc. | D.L. 2008 |
| 337 ## - Nota relativa a pormenores técnicos (ficheiros de computador) (provisória) | |
| Texto da nota | Requisitos do sistema: Processador a 800 MHz ; 256 MB de memória RAM; 250 MB de espaço livre no disco rígido ; leitor de DVD-ROM; placa de som; placa gráfica (milhares de cores a 1024x768) |
| 336 ## - Nota relativa ao tipo de ficheiro de computador (provisória) | |
| Texto da nota | Software desenvolvido para Windows XP (SP2) e Windows Vista |
| 304 ## - Notas relativas a título e menção de responsabilidade | |
| Texto da nota | Tít. retirado da capa |
| 675 ## - Classificação Decimal Universal (CDU) | |
| Notação | 51(079)(086.8) |
| Edição | BN |
| Língua da edição | por |
| Notação | 811.134.3(079)(086.8) |
| Edição | BN |
| Língua da edição | por |
| Notação | 55(079)(086.8) |
| Edição | BN |
| Língua da edição | por |
| Notação | 373.34(469) |
| Edição | BN |
| Língua da edição | por |
| 712 02 - Nome de colectividade-autor (responsabilidade secundária) | |
| Número de registo de entrada de autoridade | 0001664 |
| Palavra de ordem | Porto Editora Multimédia |
| Código de função | Editor literário / Coordenador |
| 942 ## - Elementos de entrada adicionados (Koha) | |
| Tipo de item no Koha | Livro |
| Situação do levantamento | Origin of item (home branch) (coded) | Biblioteca de empréstimo | Código de barras | Cota | Circulation type (not for loan) | Tipo de documento | Nota do exemplar | Damaged status |
|---|---|---|---|---|---|---|---|---|
| Biblioteca Escolar Eng. Nuno Mergulhão | Biblioteca Escolar Eng. Nuno Mergulhão | BENM2131 | 2131 DVDR | CD-ROM | Sem mensagem |
